Biggest Trading Partners - Ireland - Statistics

General Stats
  • This quiz has been taken 45 times
  • The average score is 26 of 29
Answer Stats
Exports Country % Correct
8.41 bil Germany
100%
5.93 bil Germany
100%
21.76 bil United Kingdom
100%
26.20 bil United Kingdom
100%
23.27 bil United States
100%
8.84 bil United States
100%
7.11 bil France
98%
3.07 bil France
98%
4.22 bil Italy
98%
1.34 bil Italy
98%
2.26 bil China
95%
5.37 bil China
95%
4.17 bil Netherlands
93%
3.87 bil Netherlands
93%
5.07 bil Spain
93%
1.13 bil Spain
93%
17.88 bil Belgium
89%
1.59 bil Belgium
89%
1.38 bil Denmark
89%
1.90 bil Norway
89%
1.00 bil Poland
89%
1.18 bil Sweden
89%
1.94 bil Japan
80%
1.49 bil Japan
80%
0.68 bil South Korea
80%
3.66 bil Switzerland
80%
0.68 bil Switzerland
80%
1.06 bil Singapore
57%
1.53 bil Malaysia
27%
No matching quizzes found
Score Distribution
Percent of People with Each Score
Percentile by Number Answered
Your Score History
You have not taken this quiz